[Event "4th Ordu Open 2018"]
[Site "Ordu"]
[Date "2018.04.10"]
[Round "2.19"]
[White "Tanriverdi, Enes"]
[Black "Karaahmetoglu, Ege"]
[Result "1-0"]
[WhiteElo "2314"]
[BlackElo "2017"]
[Annotator "NA"]
[PlyCount "119"]
[EventType "swiss"]
[EventCountry "TUR"]
[SourceTitle "playchess.com"]
[Source "ChessBase"]
[SourceQuality "1"]
[TimeControl "5400+30"]

1. d4 {[%emt 0:00:30]} Nf6 {[%emt 0:01:00]} 2. c4 {[%emt 0:00:30]} e6 {[%emt 0:00:30]} 3. Nf3 {[%emt 0:00:30]} b6 {[%emt 0:00:00]} 4. g3 {[%emt 0:00:00]} Ba6 {[%emt 0:00:00]} 5. b3 {[%emt 0:00:00]} Bb4+ {[%emt 0:00:30]} 6. Bd2 {[%emt 0:00:00]} Be7 $11 {[%emt 0:00:30]} 7. Nc3 {[%emt 0:00:00] LiveBook: 987 Games} d5 {[%emt 0:00:30]} 8. cxd5 {[%emt 0:00:00]} exd5 {[%emt 0:00:30]} 9. Bg2 {[%emt 0:00:00]} O-O {[%emt 0:00:00]} 10. O-O {[%emt 0:00:00]} Re8 {[%emt 0:01:00]} 11. Ne5 {[%emt 0:05:00]} Bb7 {[%emt 0:00:30]} 12. Qc2 {[%emt 0:02:30]} Nbd7 {[%emt 0:07:30]} 13. Bf4 {[%emt 0:00:30]} Bd6 {[%emt 0:14:30]} 14. Nxd7 {[%emt 0:00:00]} Qxd7 {[%emt 0:00:00]} 15. Bxd6 {[%emt 0:00:00]} cxd6 {[%emt 0:12:00]} 16. e3 {[%emt 0:02:30]} Rac8 {[%emt 0:04:30]} 17. Qb2 {[%emt 0:04:30]} Ne4 {[%emt 0:12:30]} 18. Ne2 {[%emt 0:00:30]} Ba6 {[%emt 0:21:30]} 19. Rfc1 {[%emt 0:00:30]} Bxe2 {[%emt 0:05:03]} 20. Qxe2 {[%emt 0:00:00]} Rxc1+ {[%emt 0:01:36]} 21. Rxc1 {[%emt 0:00:00]} Rc8 {[%emt 0:00:38]} 22. Rc2 {[%emt 0:10:30]} g6 {[%emt 0:01:17]} 23. Qd3 {[%emt 0:06:30]} f5 {[%emt 0:02:29]} 24. Bf3 {[%emt 0:00:30]} Kg7 {[%emt 0:03:53]} 25. Kg2 {[%emt 0:03:30]} Kh6 {[%emt 0:02:00]} 26. h4 {[%emt 0:02:30]} Qd8 {[%emt 0:02:55]} 27. b4 {[%emt 0:03:30]} Qd7 {[%emt 0:01:49]} 28. Be2 {[%emt 0:01:30]} Rxc2 {[%emt 0:04:26]} 29. Qxc2 {[%emt 0:00:30]} b5 {[%emt 0:00:11]} 30. f3 {[%emt 0:01:30]} Nf6 {[%emt 0:00:02]} 31. Qd3 {[%emt 0:00:00]} Qe6 {[%emt 0:01:26]} 32. Bf1 {[%emt 0:02:00]} a6 {[%emt 0:00:23]} 33. Qc3 {[%emt 0:01:30]} f4 {[%emt 0:00:50]} 34. exf4 {[%emt 0:00:00]} Nh5 {[%emt 0:00:29]} 35. Qc1 {[%emt 0:06:00]} Qf5 {[%emt 0:00:31]} 36. Kf2 {[%emt 0:03:30]} Kg7 {[%emt 0:00:31]} 37. Qc7+ {[%emt 0:01:30]} Kg8 {[%emt 0:00:24]} 38. g4 {[%emt 0:05:30]} Qxf4 {[%emt 0:00:04]} 39. Qd8+ {[%emt 0:00:30]} Kf7 {[%emt 0:00:54]} 40. gxh5 {[%emt 0:00:30]} Qxd4+ {[%emt 0:00:14]} 41. Kg2 {[%emt 0:01:30]} Qxb4 {[%emt 0:00:50]} 42. Qc7+ {[%emt 0:00:30]} Kg8 {[%emt 0:00:17]} 43. Qc8+ {[%emt 0:01:30]} Kg7 {[%emt 0:00:07]} 44. Qb7+ {[%emt 0:00:30]} Kh6 {[%emt 0:00:27]} 45. Qxd5 {[%emt 0:00:30]} Qxh4 {[%emt 0:00:17]} 46. hxg6 {[%emt 0:00:30]} hxg6 {[%emt 0:00:09]} 47. Qxd6 {[%emt 0:06:30]} Qg5+ {[%emt 0:00:30]} 48. Qg3 {[%emt 0:00:30]} Qd2+ {[%emt 0:00:36]} 49. Qf2 {[%emt 0:00:00]} Qg5+ {[%emt 0:00:04]} 50. Kh1 {[%emt 0:00:00]} Qf6 {[%emt 0:01:16]} 51. Bh3 {[%emt 0:01:30]} Qf4 {[%emt 0:01:00]} 52. Bg4 {[%emt 0:01:30]} Qc1+ {[%emt 0:00:53]} 53. Kg2 {[%emt 0:00:00]} Qa3 {[%emt 0:00:16]} 54. Kh3 {[%emt 0:01:00]} a5 {[%emt 0:00:40]} 55. Be6 {[%emt 0:03:30]} Qc1 {[%emt 0:00:30]} 56. Qh4+ {[%emt 0:05:30]} Kg7 {[%emt 0:00:30]} 57. Qe7+ {[%emt 0:00:30]} Kh6 {[%emt 0:00:30]} 58. Qf8+ {[%emt 0:00:30]} Kg5 {[%emt 0:00:30]} 59. Qd8+ {[%emt 0:00:30]} Kh6 {[%emt 0:00:30]} 60. Qh8+ {[%emt 0:00:00]} 1-0

[Event "4th Ordu Open 2018"]
[Site "Ordu"]
[Date "2018.04.10"]
[Round "2.20"]
[White "Acar, Utku Cengiz"]
[Black "Dogan, Nazmi Can"]
[Result "1/2-1/2"]
[WhiteElo "2026"]
[BlackElo "2290"]
[Annotator "NA"]
[PlyCount "65"]
[EventType "swiss"]
[EventCountry "TUR"]
[SourceTitle "playchess.com"]
[Source "ChessBase"]
[SourceQuality "1"]
[TimeControl "5400+30"]

1. e4 {[%emt 0:01:30]} b6 {[%emt 0:01:00]} 2. d4 Bb7 {[%emt 0:00:00]} 3. Bd3 {[%emt 0:05:00]} e6 {[%emt 0:00:00]} 4. Nf3 {[%emt 0:02:30]} c5 {[%emt 0:00:30]} 5. c3 {[%emt 0:00:30]} Nf6 {[%emt 0:00:30]} 6. Qe2 {[%emt 0:04:30]} d5 {[%emt 0:00:30]} 7. e5 {[%emt 0:02:30]} Nfd7 {[%emt 0:00:30]} 8. Ng5 {[%emt 0:10:30]} g6 {[%emt 0:00:00]} 9. a3 {[%emt 0:03:30]} Qe7 {[%emt 0:03:00]} 10. b4 {[%emt 0:04:30]} Nc6 {[%emt 0:08:30]} 11. Nf3 {[%emt 0:04:30]} Bg7 {[%emt 0:10:30]} 12. Bf4 {[%emt 0:07:30]} f6 {[%emt 0:10:30]} 13. b5 {[%emt 0:06:30]} Na5 {[%emt 0:00:30]} 14. Nbd2 {[%emt 0:00:30]} O-O {[%emt 0:21:30]} 15. O-O {[%emt 0:07:30]} f5 {[%emt 0:06:30]} 16. Rfc1 {[%emt 0:15:30]} Rfc8 {[%emt 0:05:30]} 17. Qd1 {[%emt 0:02:46]} cxd4 {[%emt 0:01:30]} 18. cxd4 {[%emt 0:00:39]} Rxc1 {[%emt 0:00:00]} 19. Qxc1 {[%emt 0:03:30]} Rc8 {[%emt 0:00:00]} 20. Qb2 {[%emt 0:00:11]} h6 {[%emt 0:02:30]} 21. h4 {[%emt 0:01:21]} Bf8 {[%emt 0:00:30]} 22. a4 {[%emt 0:03:43]} Kg7 {[%emt 0:01:30]} 23. Rc1 {[%emt 0:04:04]} Qd8 {[%emt 0:12:16]} 24. Rxc8 {[%emt 0:04:56]} Qxc8 {[%emt 0:01:07]} 25. Qc2 {[%emt 0:00:25]} Be7 {[%emt 0:04:34]} 26. Qxc8 {[%emt 0:01:21]} Bxc8 {[%emt 0:00:02]} 27. g3 {[%emt 0:00:23]} Nf8 {[%emt 0:01:02]} 28. Be3 {[%emt 0:00:30]} Nh7 {[%emt 0:00:29]} 29. Be2 {[%emt 0:02:29]} g5 {[%emt 0:01:11]} 30. hxg5 {[%emt 0:00:05]} hxg5 {[%emt 0:00:44]} 31. Ne1 {[%emt 0:01:02]} Bd7 {[%emt 0:04:39]} 32. f4 {[%emt 0:00:35]} g4 {[%emt 0:02:56]} 33. Nc2 {[%emt 0:00:44]} 1/2-1/2

[Event "4th Ordu Open 2018"]
[Site "Ordu"]
[Date "2018.04.10"]
[Round "2.21"]
[White "Kaplan, Ebru"]
[Black "Aytekin, Murat Eren"]
[Result "1/2-1/2"]
[WhiteElo "1904"]
[BlackElo "2139"]
[Annotator "NA"]
[PlyCount "120"]
[EventType "swiss"]
[EventCountry "TUR"]
[SourceTitle "playchess.com"]
[Source "ChessBase"]
[SourceQuality "1"]
[TimeControl "5400+30"]

1. e4 {[%emt 0:01:30] 4} g6 {[%emt 0:01:00] 4} 2. d4 {[%emt 0:00:00] 4} Bg7 {[%emt 0:00:00]} 3. Nc3 {[%emt 0:00:00]} d6 {[%emt 0:00:00]} 4. f4 {[%emt 0:01:30]} a6 $14 {[%emt 0:00:00] LiveBook: 1122 Games} 5. Nf3 {[%emt 0:00:30]} b5 {[%emt 0:00:00]} 6. Bd3 {[%emt 0:00:00]} Nd7 {[%emt 0:00:30]} 7. O-O {[%emt 0:02:00]} c5 {[%emt 0:01:30]} 8. Be3 {[%emt 0:07:30]} Bb7 {[%emt 0:02:30]} 9. e5 {[%emt 0:03:30]} cxd4 {[%emt 0:10:30]} 10. Bxd4 {[%emt 0:00:30]} Nh6 {[%emt 0:02:30]} 11. Qe2 {[%emt 0:18:30]} O-O {[%emt 0:04:30]} 12. Kh1 {[%emt 0:10:30]} dxe5 {[%emt 0:04:30]} 13. fxe5 {[%emt 0:06:30]} Qc7 {[%emt 0:03:30]} 14. Rae1 {[%emt 0:03:30]} e6 {[%emt 0:03:30]} 15. Ne4 {[%emt 0:14:30]} Bxe4 {[%emt 0:15:30]} 16. Qxe4 {[%emt 0:09:16]} Nf5 {[%emt 0:03:30] 4} 17. Bc3 {[%emt 0:01:04]} Nc5 {[%emt 0:01:30] 0} 18. Qe2 {[%emt 0:01:01]} Nxd3 {[%emt 0:03:30] 9} 19. Qxd3 {[%emt 0:02:14]} Rac8 {[%emt 0:06:30] 5} 20. Ng5 {[%emt 0:04:25]} h6 {[%emt 0:08:30] 3} 21. Ne4 {[%emt 0:00:28]} Qc4 {[%emt 0:04:30] ]} 22. Qh3 {[%emt 0:07:09]} h5 {[%emt 0:03:30] 3} 23. a3 {[%emt 0:02:29]} Qd5 {[%emt 0:03:26]} 24. Nf6+ {[%emt 0:01:23]} Bxf6 {[%emt 0:00:07]} 25. exf6 {[%emt 0:00:00]} Rfd8 {[%emt 0:02:36]} 26. Re5 {[%emt 0:00:36]} Qc4 {[%emt 0:00:25]} 27. Qf3 {[%emt 0:00:40]} Qg4 {[%emt 0:05:10]} 28. Qf2 {[%emt 0:01:14]} h4 {[%emt 0:01:37]} 29. Rfe1 {[%emt 0:00:45]} Rc4 {[%emt 0:01:08]} 30. Qb6 {[%emt 0:00:56]} Rdc8 {[%emt 0:02:04]} 31. Qb7 {[%emt 0:00:21]} R4c7 {[%emt 0:00:42]} 32. Qb6 {[%emt 0:00:42]} h3 {[%emt 0:00:26]} 33. Qf2 {[%emt 0:00:35]} Nh4 {[%emt 0:02:13]} 34. gxh3 {[%emt 0:00:34]} Qf3+ {[%emt 0:01:07]} 35. Kg1 {[%emt 0:00:02]} Qxf2+ {[%emt 0:01:12]} 36. Kxf2 {[%emt 0:00:02]} Rd7 {[%emt 0:00:24]} 37. R5e4 {[%emt 0:00:54]} Nf5 {[%emt 0:00:05]} 38. R1e2 {[%emt 0:00:21]} Rd1 {[%emt 0:00:41]} 39. a4 {[%emt 0:01:03]} Rcd8 {[%emt 0:00:30]} 40. axb5 {[%emt 0:00:30]} axb5 {[%emt 0:00:30]} 41. Re1 {[%emt 0:00:30]} R1d5 {[%emt 0:00:00]} 42. Ke2 {[%emt 0:01:00]} Nd6 {[%emt 0:00:27]} 43. Rh4 {[%emt 0:00:08]} Nc4 {[%emt 0:01:50]} 44. Ra1 {[%emt 0:00:27]} Nd6 {[%emt 0:02:27] [%clk 0:01.30]} 45. Rg1 {[%emt 0:00:15]} Ne8 {[%emt 0:00:53]} 46. Rf4 {[%emt 0:00:30]} e5 {[%emt 0:00:30]} 47. Rf3 {[%emt 0:00:30]} R8d6 {[%emt 0:00:30]} 48. Rgf1 {[%emt 0:00:40]} Rb6 {[%emt 0:00:20]} 49. Re3 {[%emt 0:00:45]} Re6 {[%emt 0:00:30]} 50. Ref3 {[%emt 0:00:26]} Nd6 {[%emt 0:00:37]} 51. h4 {[%emt 0:00:30]} Nf5 {[%emt 0:00:35]} 52. h5 {[%emt 0:00:20]} b4 {[%emt 0:01:34]} 53. hxg6 {[%emt 0:00:04]} fxg6 {[%emt 0:00:00]} 54. Rg1 {[%emt 0:01:02]} Kf7 {[%emt 0:00:27]} 55. Bxb4 {[%emt 0:01:00]} Nd4+ {[%emt 0:00:04]} 56. Kf2 {[%emt 0:00:00]} Nxf3 {[%emt 0:00:31]} 57. Kxf3 {[%emt 0:00:08]} Kxf6 {[%emt 0:00:30]} 58. Ke3 {[%emt 0:00:30]} e4 {[%emt 0:00:30]} 59. Rg4 {[%emt 0:01:02]} Kf5 {[%emt 0:00:15]} 60. Rf4+ {[%emt 0:00:00]} Ke5 {[%emt 0:01:46]} 1/2-1/2

[Event "4th Ordu Open 2018"]
[Site "Ordu"]
[Date "2018.04.10"]
[Round "2.22"]
[White "Gucin, Zafer"]
[Black "Sebt Rasoul, Seyede Setare"]
[Result "0-1"]
[WhiteElo "2019"]
[BlackElo "1960"]
[Annotator "NA"]
[PlyCount "62"]
[EventType "swiss"]
[EventCountry "TUR"]
[SourceTitle "playchess.com"]
[Source "ChessBase"]
[SourceQuality "1"]
[TimeControl "5400+30"]

1. d4 {[%emt 0:00:30]} Nf6 {[%emt 0:03:00]} 2. c4 {[%emt 0:00:00]} g6 {[%emt 0:00:30]} 3. Nc3 {[%emt 0:00:00]} Bg7 {[%emt 0:00:30]} 4. g3 {[%emt 0:00:30]} O-O {[%emt 0:00:30]} 5. Bg2 {[%emt 0:00:00]} d6 {[%emt 0:00:00]} 6. Nf3 {[%emt 0:00:00]} Nc6 {[%emt 0:00:00]} 7. O-O {[%emt 0:00:30]} e5 {[%emt 0:00:00]} 8. d5 {[%emt 0:00:30]} Ne7 {[%emt 0:00:00]} 9. e4 {[%emt 0:00:30]} Nd7 {[%emt 0:00:00]} 10. Ne1 {[%emt 0:00:30]} f5 {[%emt 0:00:00]} 11. Nd3 {[%emt 0:00:30]} fxe4 {[%emt 0:00:00]} 12. Nxe4 {[%emt 0:00:30]} Nf6 {[%emt 0:00:00]} 13. Bg5 {[%emt 0:00:30]} Nxe4 {[%emt 0:00:30]} 14. Bxe4 {[%emt 0:00:00]} Bh3 {[%emt 0:00:00]} 15. Re1 {[%emt 0:00:00]} Qd7 {[%emt 0:01:00]} 16. Bd2 {[%emt 0:10:30]} Nf5 {[%emt 0:07:30]} 17. Bc3 {[%emt 0:01:30]} Qf7 {[%emt 0:07:30]} 18. f4 {[%emt 0:14:30]} Nd4 {[%emt 0:20:30]} 19. fxe5 {[%emt 0:05:30]} dxe5 {[%emt 0:04:30]} 20. Bxd4 {[%emt 0:03:30]} exd4 {[%emt 0:00:30]} 21. Nf4 {[%emt 0:01:30]} Qd7 {[%emt 0:07:30]} 22. c5 {[%emt 0:21:30]} Rae8 {[%emt 0:08:30]} 23. c6 {[%emt 0:11:30]} bxc6 {[%emt 0:01:30]} 24. dxc6 {[%emt 0:00:30]} Qc8 {[%emt 0:01:30]} 25. Qb3+ {[%emt 0:07:30]} Kh8 {[%emt 0:02:30]} 26. Qb7 {[%emt 0:03:05]} Qg4 {[%emt 0:07:30]} 27. Bg2 {[%emt 0:12:36]} Bxg2 {[%emt 0:00:00]} 28. Rxe8 {[%emt 0:00:56]} Rxe8 {[%emt 0:00:00]} 29. Nxg2 {[%emt 0:00:19]} d3 {[%emt 0:02:30]} 30. Qxc7 {[%emt 0:00:06]} Bd4+ {[%emt 0:00:30]} 31. Kh1 {[%emt 0:00:19]} d2 {[%emt 0:00:30]} 0-1

[Event "4th Ordu Open 2018"]
[Site "Ordu"]
[Date "2018.04.10"]
[Round "2.23"]
[White "Maghsoudloo, Amir Ali"]
[Black "Gokbulut, Julia"]
[Result "1-0"]
[WhiteElo "1911"]
[BlackElo "2063"]
[Annotator "NA"]
[PlyCount "155"]
[EventType "swiss"]
[EventCountry "TUR"]
[SourceTitle "playchess.com"]
[Source "ChessBase"]
[SourceQuality "1"]
[TimeControl "5400+30"]

1. Nf3 {[%emt 0:00:30]} Nf6 {[%emt 0:01:00]} 2. g3 {[%emt 0:00:00]} g6 {[%emt 0:00:30]} 3. b3 {[%emt 0:00:00]} Bg7 {[%emt 0:00:00]} 4. Bb2 {[%emt 0:00:00]} O-O {[%emt 0:00:00]} 5. Bg2 $11 {[%emt 0:00:00] LiveBook: 1969 Games} c5 {[%emt 0:01:30]} 6. O-O {[%emt 0:00:30]} d6 {[%emt 0:01:30]} 7. d4 {[%emt 0:00:00]} cxd4 {[%emt 0:00:30]} 8. Nxd4 {[%emt 0:00:00]} a6 {[%emt 0:00:30]} 9. c4 {[%emt 0:02:30]} Qc7 {[%emt 0:06:30]} 10. Nc3 {[%emt 0:00:30]} Bg4 {[%emt 0:02:30]} 11. Rc1 {[%emt 0:00:30]} e5 {[%emt 0:04:30]} 12. Nc2 {[%emt 0:00:30]} Bh6 {[%emt 0:06:30]} 13. Ne3 {[%emt 0:00:30]} Be6 {[%emt 0:03:30]} 14. Ncd5 {[%emt 0:05:30]} Bxd5 {[%emt 0:01:30]} 15. cxd5 {[%emt 0:00:00]} Qe7 {[%emt 0:01:30]} 16. Rc2 {[%emt 0:07:00]} b5 {[%emt 0:00:30]} 17. Qa1 {[%emt 0:04:30]} Bxe3 {[%emt 0:04:30]} 18. fxe3 {[%emt 0:00:00]} Ng4 {[%emt 0:00:00]} 19. Qc1 {[%emt 0:02:00]} Ra7 {[%emt 0:13:00]} 20. h3 {[%emt 0:00:30]} Nf6 {[%emt 0:01:30]} 21. Rc8 {[%emt 0:01:30]} Nbd7 {[%emt 0:03:30]} 22. Rc7 {[%emt 0:00:30]} Rfa8 {[%emt 0:05:30]} 23. h4 {[%emt 0:04:30]} Ne8 {[%emt 0:06:30]} 24. Rc6 {[%emt 0:00:30]} a5 {[%emt 0:01:30]} 25. Bh3 {[%emt 0:01:30]} Nc5 {[%emt 0:03:30]} 26. Qa1 {[%emt 0:04:30]} Ne4 {[%emt 0:03:30]} 27. Kh2 {[%emt 0:01:30]} a4 {[%emt 0:01:30]} 28. Bg2 {[%emt 0:00:30]} N4f6 {[%emt 0:02:30]} 29. Qc1 {[%emt 0:02:30]} axb3 {[%emt 0:00:30]} 30. axb3 {[%emt 0:00:30]} Ra2 {[%emt 0:00:30]} 31. Kh1 {[%emt 0:02:30]} Kg7 {[%emt 0:04:30]} 32. Rc2 {[%emt 0:02:30]} Nh5 {[%emt 0:05:11]} 33. Rf3 {[%emt 0:00:30]} R8a7 {[%emt 0:04:16]} 34. Qd2 {[%emt 0:00:30]} Kg8 {[%emt 0:01:44]} 35. Rc8 {[%emt 0:00:30]} e4 {[%emt 0:02:05]} 36. Rf2 {[%emt 0:02:30]} Nxg3+ {[%emt 0:01:20]} 37. Kg1 {[%emt 0:00:30]} Nf5 {[%emt 0:03:31]} 38. Qc3 {[%emt 0:00:30]} f6 {[%emt 0:01:10]} 39. Rf4 {[%emt 0:01:30]} b4 {[%emt 0:00:53]} 40. Qxf6 {[%emt 0:00:30]} Qxf6 {[%emt 0:00:47]} 41. Bxf6 {[%emt 0:00:30]} Kf7 {[%emt 0:00:00]} 42. Bd4 {[%emt 0:00:00]} Re7 {[%emt 0:01:30]} 43. Bxe4 {[%emt 0:00:00]} Neg7 {[%emt 0:00:36]} 44. Bd3 {[%emt 0:00:30]} Re8 {[%emt 0:00:31]} 45. Rc7+ {[%emt 0:02:30]} Re7 {[%emt 0:00:46]} 46. Rxe7+ {[%emt 0:00:30]} Kxe7 {[%emt 0:00:42]} 47. Bxg7 {[%emt 0:00:00]} Nxg7 {[%emt 0:00:00]} 48. Rxb4 {[%emt 0:00:00]} Kf6 {[%emt 0:00:12]} 49. Rb7 {[%emt 0:00:30]} Nf5 {[%emt 0:01:00]} 50. Rxh7 {[%emt 0:02:30]} Nxe3 {[%emt 0:00:49]} 51. Rd7 {[%emt 0:00:00]} Nxd5 {[%emt 0:01:32]} 52. Rxd6+ {[%emt 0:00:00]} Ke5 {[%emt 0:00:08]} 53. Rxg6 {[%emt 0:00:30]} Nf4 {[%emt 0:00:27]} 54. Rg8 {[%emt 0:03:30]} Kd4 {[%emt 0:01:09]} 55. Rg4 {[%emt 0:01:30]} Ke3 {[%emt 0:01:28]} 56. Rg3+ {[%emt 0:00:00]} Kd2 {[%emt 0:00:00]} 57. Rf3 {[%emt 0:00:00]} Ne6 {[%emt 0:00:35]} 58. Bc4 {[%emt 0:00:30]} Ng7 {[%emt 0:00:44]} 59. e4 {[%emt 0:00:30]} Ra5 {[%emt 0:00:29]} 60. Rd3+ {[%emt 0:00:30]} Ke1 {[%emt 0:00:27]} 61. Re3+ {[%emt 0:00:30]} Kd2 {[%emt 0:00:47]} 62. Re2+ {[%emt 0:00:00]} Kd1 {[%emt 0:00:02]} 63. e5 {[%emt 0:00:00]} Nf5 {[%emt 0:00:18]} 64. e6 {[%emt 0:00:30]} Ne7 {[%emt 0:00:12]} 65. Rh2 {[%emt 0:00:30]} Ke1 {[%emt 0:00:22]} 66. Re2+ {[%emt 0:01:30]} Kd1 {[%emt 0:00:02]} 67. Re4 {[%emt 0:00:00]} Kd2 {[%emt 0:00:35]} 68. Rd4+ {[%emt 0:00:00]} Ke3 {[%emt 0:00:17]} 69. Rd3+ {[%emt 0:00:30]} Kf4 {[%emt 0:00:45]} 70. Kf2 {[%emt 0:00:30]} Ra2+ {[%emt 0:00:56]} 71. Ke1 {[%emt 0:00:00]} Nf5 {[%emt 0:00:45]} 72. Rd2 {[%emt 0:01:00]} Ra1+ {[%emt 0:00:33]} 73. Kf2 {[%emt 0:00:30]} Rh1 {[%emt 0:00:26]} 74. Kg2 {[%emt 0:00:30]} Rxh4 {[%emt 0:01:04]} 75. Rf2+ {[%emt 0:00:30]} Kg5 {[%emt 0:00:25]} 76. Rxf5+ {[%emt 0:00:30]} Kxf5 {[%emt 0:00:32]} 77. e7 {[%emt 0:00:30]} Rh8 {[%emt 0:01:17]} 78. Bf7 {[%emt 0:00:00]} 1-0

[Event "4th Ordu Open 2018"]
[Site "Ordu"]
[Date "2018.04.10"]
[Round "2.24"]
[White "Sahin, Doga Boran"]
[Black "Peker, Serdar"]
[Result "1/2-1/2"]
[WhiteElo "2005"]
[BlackElo "1821"]
[Annotator "NA"]
[PlyCount "79"]
[EventType "swiss"]
[EventCountry "TUR"]
[SourceTitle "playchess.com"]
[Source "ChessBase"]
[SourceQuality "1"]
[TimeControl "5400+30"]

1. e4 {[%emt 0:00:30] 4} c5 {[%emt 0:01:00] 4} 2. Nf3 {[%emt 0:00:00] 4} d6 {[%emt 0:00:30]} 3. d4 {[%emt 0:00:00]} cxd4 {[%emt 0:00:00]} 4. Nxd4 {[%emt 0:00:30]} Nf6 {[%emt 0:00:00]} 5. Nc3 {[%emt 0:00:00]} Nc6 {[%emt 0:00:00]} 6. Bg5 {[%emt 0:00:00]} e6 $14 {[%emt 0:00:00] LiveBook: 14029 Games} 7. Qd2 {[%emt 0:00:30]} Be7 {[%emt 0:02:30]} 8. O-O-O {[%emt 0:00:30]} a6 {[%emt 0:03:30]} 9. f4 {[%emt 0:03:30]} Qc7 {[%emt 0:09:30]} 10. Bxf6 {[%emt 0:11:30]} gxf6 {[%emt 0:03:30]} 11. Be2 {[%emt 0:00:30]} Nxd4 {[%emt 0:02:30]} 12. Qxd4 {[%emt 0:00:00]} Qc5 {[%emt 0:01:30]} 13. Qxc5 {[%emt 0:16:00]} dxc5 {[%emt 0:00:00]} 14. Na4 {[%emt 0:00:00]} b5 {[%emt 0:03:00]} 15. Nb6 {[%emt 0:01:00]} Rb8 {[%emt 0:00:00]} 16. Nxc8 {[%emt 0:00:00]} Rxc8 {[%emt 0:00:00]} 17. c4 {[%emt 0:01:00]} b4 {[%emt 0:05:30]} 18. Rd3 {[%emt 0:01:30]} O-O {[%emt 0:19:30]} 19. Rd7 {[%emt 0:01:30]} Bd8 {[%emt 0:01:30]} 20. Bh5 {[%emt 0:01:30]} Bc7 {[%emt 0:10:30]} 21. g3 {[%emt 0:03:30]} a5 {[%emt 0:02:30]} 22. Rhd1 {[%emt 0:00:30]} a4 {[%emt 0:00:30]} 23. Re7 {[%emt 0:00:30]} b3 {[%emt 0:06:30]} 24. axb3 {[%emt 0:03:30]} axb3 {[%emt 0:00:30]} 25. Rd3 {[%emt 0:00:30]} Ba5 {[%emt 0:00:30]} 26. Ra7 {[%emt 0:07:30]} Rcd8 {[%emt 0:04:30]} 27. Rxb3 {[%emt 0:00:30]} Bb4 {[%emt 0:01:30]} 28. e5 {[%emt 0:20:30]} f5 {[%emt 0:05:29]} 29. Be2 {[%emt 0:16:52]} Rd4 {[%emt 0:00:44]} 30. Rd3 {[%emt 0:02:40]} Rxd3 {[%emt 0:09:29]} 31. Bxd3 {[%emt 0:00:30]} Be1 {[%emt 0:00:30]} 32. Kc2 {[%emt 0:00:30]} Bf2 {[%emt 0:00:30]} 33. Be2 {[%emt 0:00:30]} Bg1 {[%emt 0:00:30]} 34. Ra1 {[%emt 0:00:30]} Bd4 {[%emt 0:00:30]} 35. Rd1 {[%emt 0:00:30]} Rb8 {[%emt 0:00:30]} 36. Rb1 {[%emt 0:00:30]} Kf8 {[%emt 0:00:30]} 37. Bf3 {[%emt 0:00:30]} Ke7 {[%emt 0:00:30]} 38. b3 {[%emt 0:00:30]} Rb6 {[%emt 0:00:30]} 39. Kd3 {[%emt 0:00:30]} Ra6 {[%emt 0:00:30]} 40. Be2 {[%emt 0:08:26] [%clk 0:00.32]} 1/2-1/2